| 000 | 00589nam a22001577a 4500 | ||
|---|---|---|---|
| 003 | OSt | ||
| 005 | 20150924142917.0 | ||
| 008 | 150924b xxu||||| |||| 00| 0 eng d | ||
| 040 | _cRUA | ||
| 082 | _aAGR HON 2011 B034 Or.1 | ||
| 100 |
_91256 _aHONG, SOPHAK. |
||
| 245 | _aGrowth of cassava variety km 94 on sandy soil ការលូតលាស់នៃពូជដំឡូងមី ខេអឹម ៩៤ ក្នុងលក្ខខណ្ឌដីល្បាយខ្សាច់ | ||
| 260 |
_aPhnom Penh _bRUA _c2011 |
||
| 300 |
_aviii, 35p. _bill. _c29cm. |
||
| 942 |
_2ddc _cAGR |
||
| 999 |
_c1190 _d1190 |
||